| 000 -ლიდერი |
| ფიქსირებული სიგრძის საკონტროლო ველი |
01658nam a2200241Ia 4500 |
| 001 - საკონტროლო ნომერი |
| საკონტროლო ველი |
19983 |
| 003 - საკონტროლო ნომრის იდენტიფიკატორი |
| საკონტროლო ველი |
GE_BSU |
| 005 - ბოლო ოპერაციის თარიღი და დრო |
| საკონტროლო ველი |
20210330114027.0 |
| 008 - ფიქსირებული სიგრძის მონაცემთა ელემენტები - ზოგადი ინფორმაცია |
| ფიქსირებული სიგრძის საკონტროლო ველი |
181216s2016||||ge |||||||||||||| ||geo|| |
| 040 ## - კატალოგიზაციის წყარო |
| Transcribing agency |
GE_BSU |
| 041 ## - ენის კოდი |
| Language code of text/sound track or separate title |
geo |
| 080 ## - უნივერსალური ათობითი კლასიფიკაციის ინდექსი |
| Universal Decimal Classification number |
61 ქ-66 |
| 100 ## - მთავარი ჩანაწერი - პიროვნების სახელი |
| Personal name |
ქორიძე, შალვა |
| 9 (RLIN) |
10829 |
| 245 ## - ცნობა სათაურის შესახებ |
| Title |
საკეისრო კვეთის ზრდის ფსიქოსოციალური ფაქტორები და პოსტოპერაციული გართულებების პრევენციის გზები / |
| Statement of responsibility, etc |
შალვა ქორიძე; სამეცნ. ხელმძღვანელი პ. მაჭავარიანი, ექსპერტები: ზ. ბოხუა., ბ. ტყეშელაშვილი., რ. საყვარელიძე; თბილისის სახ-ლო სამედიცინო უნ-ტი. |
| 264 ## - წარმოების, გამოცემის, დისტრიბუციის და სხვა ცნობები |
| გამოცემის, წარმოების, დისტრიბუციის... ადგილი |
თბილისი, |
| გამოცემის, წარმოების, დისტრიბუციის... თარიღი |
2016. |
| 300 ## - ფიზიკური აღწერა |
| Extent |
122 გვ.; |
| Other physical details |
30 სმ. |
| 653 ## - INDEX TERM--UNCONTROLLED |
| Uncontrolled term |
დისერტაცია |
| 653 ## - INDEX TERM--UNCONTROLLED |
| Uncontrolled term |
მედიცინა |
| 653 ## - INDEX TERM--UNCONTROLLED |
| Uncontrolled term |
საკეისრო კვეთის ზრდის ფსიქოსოციალური ფაქტორები და პოსტოპერაციული გართულებების პრევენციის გზები |
| 700 ## - ADDED ENTRY--PERSONAL NAME |
| Personal name |
მაჭავარიანი, პ. |
| Relator term |
სამეცნ. ხელმძღვანელი |
| 9 (RLIN) |
10830 |
| 700 ## - ADDED ENTRY--PERSONAL NAME |
| Personal name |
თბილისის სახ-ლო სამედიცინო უნ-ტი |
| 9 (RLIN) |
10831 |
| 942 ## - ADDED ENTRY ELEMENTS (KOHA) |
| Koha item type |
წიგნი |
| Source of classification or shelving scheme |
|